00512nam a2200145Ia 4500082001200000100001700012245008200029260002700111300000900138504004300147650003600190650003800226650003000264710007200294 aRS.0522 aSarkar, B.N. 0aEvaluation of educational development of the rural population of India : 1981 c1996bICSSR, New Delhi a60p. aAppendices and bibliography at the end aEDUCATION, RURAL - INDIA - 1981 aRURAL EDUCATION//EDUCATION, RURAL aINDIA - RURAL CONDITIONS  aIndian Academy of Social Sciences, Survey Research Centre, Calcutta